Feasibility study on a franchised Tunisian “Couscous Bar” concept in Hungary

Bibliographic Details
Main Author: Chaker Hager
Other Authors: Jancsik Dr András
Format: Thesis
Kulcsszavak:Feasibility Study
Franchise
Online Access:http://dolgozattar.uni-bge.hu/11664

MARC

LEADER 00000nta a2200000 i 4500
001 dolg11664
005 20170622103415.0
008 170518suuuu hu om 000 eng d
040 |a BGE Dolgozattár Repozitórium  |b hun 
041 |a en 
100 1 |a Chaker Hager 
245 1 0 |a Feasibility study on a franchised Tunisian “Couscous Bar” concept in Hungary  |c Chaker Hager  |h [elektronikus dokumentum] 
695 |a Feasibility Study 
695 |a Franchise 
700 1 |a Jancsik Dr András  |e ths 
856 4 0 |u http://dolgozattar.uni-bge.hu/11664/1/Chaker%20Hager%20Master%20Thesis.pdf  |z Dokumentum-elérés